[Event "SVK-ch Amateur"]
[Site "Topolcany"]
[Date "2020.07.10"]
[Round "2"]
[White "Sabela, Pavol"]
[Black "Lecky, Juraj"]
[Result "0-1"]
[WhiteElo "1582"]
[BlackElo "2083"]
[PlyCount "54"]
[EventDate "2020.07.10"]
[EventType "swiss"]
[EventRounds "7"]
[EventCountry "SVK"]
[SourceTitle "EXT 2021"]
[Source "ChessBase"]
[SourceDate "2020.10.23"]
[SourceVersion "1"]
[SourceVersionDate "2020.10.23"]
[SourceQuality "1"]

1. d4 Nf6 2. Nd2 c5 3. c3 d6 4. Ngf3 g6 5. e3 Bg7 6. Bc4 0-0 7. d5 e6 8. e4 exd5 9. exd5 Re8+ 10. Kf1 Nbd7 11. b4 cxb4 12. Bb2 bxc3 13. Bxc3 Nb6 14. Bxf6 Qxf6 15. Rc1 Bd7 16. h4 Nxc4 17. Nxc4 Bb5 18. g3 Bh6 19. Ng5 Rac8 20. Qb3 Bxg5 21. hxg5 Qxg5 22. Kg2 Qxd5+ 23. Kh2 Bxc4 24. Qb2 Qf5 25. Rhe1 Qh5+ 26. Kg1 Bd5 27. Rxe8+ Rxe8 0-1